00359nam a2200109Ia 4500008004100000040001600041041001200057082001700069100001600086245013700102300001000239230917s9999||||xx |||||||||||||| ||und|| e89799aMAIN aEnglish a617.96 B332D aBatra, Ajay 0aDouble blind study to compare the analgesic effect of ketorolac tromethamine and diclojenac sodium for relief of post-operative pain a81 p.